000 00582nam a22002177a 4500
003 UA-OsUOA
001 104766
007 ta
008 20140129b un ||||| |||| 00| 0 ukr d
100 _aГалкин А.А.
090 _a32
_bГ16
942 _cSA
040 _aUA-OsUOA
_brus
_cUA-OsUOA
_dUA-OsUOA
245 _aВласть и политический капитал (Размышления на досуге)
300 _aС.6-23
955 _a0
041 _arus
080 _a32
773 0 _w104765
_tПолития
_dМ.
_d2013
_g4
650 7 _a32 Політика
_2UDC
999 _c391011
_d391011